Sach kā safar / (Record no. 328958)
[ view plain ]
| 000 -LEADER | |
|---|---|
| fixed length control field | 01438cam a22004215i 4500 |
| 001 - CONTROL NUMBER | |
| control field | 18449403 |
| 003 - CONTROL NUMBER IDENTIFIER | |
| control field | Nust |
| 005 - DATE AND TIME OF LATEST TRANSACTION | |
| control field | 20210827105916.0 |
| 008 - FIXED-LENGTH DATA ELEMENTS--GENERAL INFORMATION | |
| fixed length control field | 150115s2014 pk 000 0aurd |
| 010 ## - LIBRARY OF CONGRESS CONTROL NUMBER | |
| LC control number | 2014363643 |
| 020 ## - INTERNATIONAL STANDARD BOOK NUMBER | |
| International Standard Book Number | 9789696520016 |
| 038 ## - RECORD CONTENT LICENSOR | |
| Staff Name | Nusrat Nadeem |
| 040 ## - CATALOGING SOURCE | |
| Original cataloging agency | DLC |
| Language of cataloging | eng |
| Description conventions | rda |
| Transcribing agency | DLC |
| 041 1# - LANGUAGE CODE | |
| Language code of text/sound track or separate title | urd |
| Language code of original | eng |
| 042 ## - AUTHENTICATION CODE | |
| Authentication code | lcode |
| 043 ## - GEOGRAPHIC AREA CODE | |
| Geographic area code | a-pk--- |
| 050 #4 - LIBRARY OF CONGRESS CALL NUMBER | |
| Classification number | HC440.5+ |
| 066 ## - CHARACTER SETS PRESENT | |
| Alternate G0 or G1 character set | (3 |
| -- | (4 |
| 082 ## - DEWEY DECIMAL CLASSIFICATION NUMBER | |
| Classification number | 338.092 |
| Author Mark | HAS |
| 100 1# - MAIN ENTRY--PERSONAL NAME | |
| Linkage | 880-01 |
| Personal name | Hashwani, Sadruddin, |
| Dates associated with a name | 1940- |
| Relator term | author. |
| 9 (RLIN) | 81739 |
| 240 10 - UNIFORM TITLE | |
| Uniform title | Truth always prevails |
| Language of a work | Urdu |
| 245 10 - TITLE STATEMENT | |
| Linkage | 880-03 |
| Title | Sach kā safar / |
| Statement of responsibility, etc. | Ṣadruddīn Hāshvānī. |
| 264 #1 - PRODUCTION, PUBLICATION, DISTRIBUTION, MANUFACTURE, AND COPYRIGHT NOTICE | |
| Linkage | 880-04 |
| Place of production, publication, distribution, manufacture | Lahore : |
| Name of producer, publisher, distributor, manufacturer | Jumhūrī Pablīkeshanz, |
| Date of production, publication, distribution, manufacture, or copyright notice | 2014. |
| 300 ## - PHYSICAL DESCRIPTION | |
| Extent | 223 pages ; |
| Dimensions | 23 cm. |
| 336 ## - CONTENT TYPE | |
| Content type term | text |
| Content type code | txt |
| Source | rdacontent |
| 337 ## - MEDIA TYPE | |
| Media type term | unmediated |
| Media type code | n |
| Source | rdamedia |
| 338 ## - CARRIER TYPE | |
| Carrier type term | volume |
| Carrier type code | nc |
| Source | rdacarrier |
| 563 ## - BINDING INFORMATION | |
| Binding note | HB |
| 600 10 - SUBJECT ADDED ENTRY--PERSONAL NAME | |
| Personal name | Hashwani, Sadruddin, |
| Dates associated with a name | 1940- |
| 9 (RLIN) | 81739 |
| 610 20 - SUBJECT ADDED ENTRY--CORPORATE NAME | |
| Corporate name or jurisdiction name as entry element | Hashoo Group |
| Form subdivision | Biography. |
| 9 (RLIN) | 81740 |
| 650 #0 - SUBJECT ADDED ENTRY--TOPICAL TERM | |
| Topical term or geographic name entry element | Businessmen |
| Geographic subdivision | Pakistan |
| Form subdivision | Biography. |
| 9 (RLIN) | 81741 |
| 880 1# - ALTERNATE GRAPHIC REPRESENTATION | |
| Linkage | 100-01/(3/r |
| Title | هاشوانى، صدرالدّين ، |
| d | 1940- |
| 880 10 - ALTERNATE GRAPHIC REPRESENTATION | |
| Linkage | 245-03/(3/r |
| Title | سچ کا سفر / |
| c | صدرالدّين هاشوانى. |
| 880 #1 - ALTERNATE GRAPHIC REPRESENTATION | |
| Linkage | 264-04/(3/r |
| Title | Lahore : |
| b | جمهورى پبليکيشنز، |
| c | 2014. |
| 906 ## - LOCAL DATA ELEMENT F, LDF (RLIN) | |
| a | 7 |
| b | ibc |
| c | origode |
| d | 3 |
| e | ncip |
| f | 20 |
| g | y-nonroman |
| 942 ## - ADDED ENTRY ELEMENTS (KOHA) | |
| Source of classification or shelving scheme | |
| Koha item type | Book |
| Withdrawn status | Lost status | Source of classification or shelving scheme | Damaged status | Not for loan | Permanent Location | Current Location | Shelving location | Date acquired | Total Checkouts | Full call number | Barcode | Date last seen | Date last checked out | Copy number | Price effective from | Koha item type | Collection code |
|---|---|---|---|---|---|---|---|---|---|---|---|---|---|---|---|---|---|
| Central Library (CL) | Central Library (CL) | Book Cart | 04/19/2017 | 3 | 338.092 HAS | CL1574 | 04/21/2022 | 03/14/2022 | 1 | 04/19/2017 | Book | ||||||
| Central Library (CL) | Central Library (CL) | Book Cart | 04/19/2017 | 4 | 338.092 HAS | CL2386 | 08/01/2022 | 03/01/2019 | 2 | 04/19/2017 | Book |
